000 00258nam a22001217a 4500
008 170615b xxu||||| |||| 00| 0 eng d
041 _aeng
080 _a32
100 _a19
101 _aSHP
245 _aGAMES NATIONS PLAY
_cWENDZEL,R.L
942 _2udc
_cBK
999 _c17583
_d17583